[Event "Mechanics' Winter TNM; G/2 d5"]
[Site "San Francisco"]
[Date "2019.01.15"]
[Round "2.1"]
[White "Jensen, Christian"]
[Black "Diaz, Conrado"]
[Result "0-1"]
[WhiteElo "1857"]
[BlackElo "2343"]
[Annotator "Winslow,Elliott"]
[PlyCount "86"]
[EventDate "2019.01.08"]
[EventType "swiss"]
[EventRounds "8"]

{[%evp 0,24,14,29,41,43,56,63,60,60,59,66,110,63,82,63,59,59,68,35,54,23,44,34,
25,30,34]} 1. e4 d5 2. exd5 Qxd5 3. Nc3 Qa5 4. d4 Nf6 5. Nf3 c6 6. Bc4 (6. Ne5)
6... Bf5 7. O-O $6 (7. Ne5 e6 (7... Bg6 $5) 8. g4 (8. Qe2 $5) 8... Bg6 (8...
Be4 9. O-O $1 (9. f3 Bd5 10. Bd3 (10. Qe2))) 9. h4 (9. Bd2 $5) 9... Nbd7 (9...
Bd6 $1)) (7. Bd2) (7. Qe2) 7... e6 8. Bf4 (8. Ne5) (8. Re1) (8. Bd2) (8. Ne2 $5
) 8... Be7 (8... Nbd7) (8... Nd5) 9. Qe2 (9. Qd2 $5) (9. Re1) (9. h3) 9... O-O
(9... Nbd7 $5) 10. h3 Nbd7 11. Nh4 (11. a3) (11. Bb3 $5) 11... Bg6 (11... Nb6
$5) (11... Rfe8) 12. Nxg6 hxg6 13. Rfd1 (13. Rad1 Rfe8 14. Rfe1 Bb4 15. Bd2 Qc7
16. Ne4 Bxd2 17. Rxd2 Nxe4 18. Qxe4 Nf6 19. Qh4 Rad8 20. Bb3 Qd7 {1/2-1/2 (20)
Avila,P (2117)-Rivera,A (2389) Bogota 2011}) (13. Bb3 Qf5 14. Qd2 Bb4 {1/2-1/2
(71) Condie,M (2310)-Fernandes,A Copenhagen 1982}) (13. Rfe1 Bb4 14. Bd2 Rfe8
15. a3 Bxc3 16. Bxc3 Qc7 17. Bd2 Qb6 18. c3 {1-0 (71) Pinto,C (2078)-Do
Nascimento,P (1710) Brazil 2011}) 13... Rfe8 14. Ne4 Nxe4 15. Qxe4 Nf6 16. Qf3
Rad8 17. g4 Qb6 18. c3 Nd5 19. Bd2 Rd7 20. b4 Red8 21. a4 a5 22. b5 Qc7 23.
bxc6 bxc6 24. Qe4 Bd6 25. Re1 Bf4 26. Bxf4 Nxf4 27. Re3 Nd5 28. Rg3 c5 29. Bb5
Rd6 30. dxc5 Qxc5 31. c4 Nf6 32. Qe3 Rd4 33. Re1 Qb4 34. Qc1 Ne4 35. Rge3 Nd2
36. c5 Nb3 37. Qc3 Nxc5 38. Rc1 Nxa4 39. Bxa4 Qxa4 40. Ra1 Qxa1+ 41. Qxa1 Rd1+
42. Re1 Rxa1 43. Rxa1 Rd5 0-1

[Event "Mechanics' Winter TNM; G/2 d5"]
[Site "San Francisco"]
[Date "2019.01.15"]
[Round "2.2"]
[White "Winslow, Elliott"]
[Black "Harris, John"]
[Result "1-0"]
[WhiteElo "2318"]
[BlackElo "1854"]
[Annotator "Winslow,Elliott"]
[PlyCount "75"]
[EventDate "2019.01.08"]
[EventType "swiss"]
[EventRounds "8"]

{[%evp 0,10,27,30,22,-14,2,9,10,5,29,-3,25]} 1. d4 Nf6 2. c4 e6 3. Nf3 d5 4.
Nc3 a6 {This is one of those moves: either he is just making moves, or he
studies modern opening theory. It just so happens that I, at least during this
game, was firmly in the former category for this line!} 5. Bg5 {[#]} (5. cxd5 {
has been the most popular but} exd5 {is nothing super for White:} (5... Nxd5 6.
e4 Nxc3 7. bxc3) 6. Bg5 (6. Bf4 Bd6 {has done quite well for Black}) 6... Be6 {
(the mod idea!) has a plus score as well. And we're talking among the creme de
la creme of 2018 chess players.} 7. e3 Nbd7 {You know something is going on
when (1) this is played over 300 times (2) except for Maki Uuro - Kekelidze,
2005, all the games are in 2013 or later} (7... Be7 {was played .... once}) 8.
Bd3 Bd6 {and with a couple of Grischuk - Carlsen games in 2016, this whole
idea really took off.}) ({Then there's} 5. e3) 5... Be7 (5... dxc4 $1 {is why
all those super-GMs trade the previous move.} 6. a4 $5 (6. e4 b5 7. e5 h6 8.
Bh4 (8. Bxf6 gxf6 9. a4 Bb7 10. axb5 axb5 11. Rxa8 Bxa8 12. Nxb5 Bxf3 13. gxf3
fxe5 14. dxe5 Bb4+ 15. Nc3 Bxc3+ 16. bxc3 Qg5 17. Qd4 Qc1+ 18. Ke2 Qb2+ 19. Ke3
Qc1+ 20. Qd2 Qb1 21. Bg2 Qg6 22. Rd1 O-O 23. Bh1 Nc6 24. f4 Ne7 25. Be4 Nf5+
26. Bxf5 Qxf5 27. f3 Kh8 28. Qe2 f6 29. exf6 e5 30. Qxc4 exf4+ 31. Kd2 Rd8+ 32.
Kc1 Rb8 33. Qd3 Qxf6 34. Qd4 Qxd4 35. Rxd4 Rf8 36. Kd2 Rf7 37. Kd3 Kg7 38. Ke4
Kg6 39. Rd5 Rf6 40. Rc5 Rf7 41. h4 Re7+ 42. Kxf4 Kg7 43. h5 Rd7 44. Rc6 Rf7+
45. Kg4 Rd7 46. f4 Re7 47. Rg6+ Kh7 48. Kf5 Rf7+ 49. Rf6 Rd7 50. c4 Kg7 51.
Rg6+ Kh7 52. Rc6 Kg7 53. Ke5 Re7+ 54. Re6 Rd7 55. Rg6+ Kh7 56. f5 Re7+ 57. Re6
Rd7 58. Rc6 Kg7 59. f6+ Kf8 60. Ke6 Ke8 61. c5 Re7+ 62. Kf5 Rd7 63. Kg6 Kf8 64.
Ra6 Rd8 65. Ra7 Rc8 66. f7 Rd8 67. Rxc7 Rd6+ 68. Kf5 Rd1 69. Rc8+ Kxf7 70. Rc7+
Kf8 71. Kg6 Rg1+ 72. Kxh6 Rg2 73. Rd7 Rc2 74. Rd5 Kf7 75. Kg5 Ke6 76. Rd6+ Ke5
77. Rc6 Rg2+ 78. Kh6 {1-0 (78) Murtazin,B (2153)-Elistratov,S (2265) Samara
2014}) 8... g5 9. Nxg5 hxg5 10. Bxg5 Nbd7 11. exf6 (11. Be2 Bb7 12. Bf3 Nxe5 $5
13. Bxb7 Nd3+ 14. Kf1 Rb8 15. Be4 Qxd4 16. Bxd3 cxd3 17. Bxf6 Qxf6 18. Qxd3 Bg7
19. g3 Rd8 20. Qe2 b4 21. Na4 Qg5 22. Kg2 Qd5+ 23. f3 Qd2 24. Kf1 Rh5 25. Re1
Qh6 26. f4 Rhd5 27. h4 Qg6 28. Rg1 Rd2 29. Qxa6 Qc2 {0-1 (29) Lan,Z (2346)-Xu,
Y (2522) China 2018}) (11. Qf3 $2 Rb8) 11... Bb7 12. Be2 b4 13. Na4 Bxg2 14.
Rg1 Bd5 15. Rc1 Nxf6 16. Bxc4 Rg8 17. Qb3 Qd7 18. Bxd5 Qxd5 19. Qxd5 Nxd5 20.
Ke2 Rh8 21. Rh1 f6 22. Be3 Rh4 23. Rcg1 Kf7 24. h3 Bd6 25. Rg4 Rh7 26. Nc5 Rah8
27. Rhg1 Bf8 28. Nxa6 Rxh3 29. Rc1 Bd6 30. Nc5 f5 31. Rgg1 Nxe3 32. fxe3 Rh2+
33. Kd3 Rxb2 34. Nb7 Rxa2 35. Nxd6+ cxd6 36. Rc7+ Kf6 37. Rgg7 Ra3+ 38. Ke2 e5
39. Rgf7+ Ke6 40. Rce7+ Kd5 41. dxe5 dxe5 {0-1 (41) Hebden,M (2460)-Xu,Y (2518)
Reykjavik 2017}) 6... Nc6 $1 (6... h6 $5) 7. e3 Na5) 6. e3 (6. cxd5 $5 Nxd5 $5
7. Bxe7 Qxe7 8. e4 $6 (8. Rc1) (8. Qb3) 8... Nxc3 9. bxc3 c5) 6... dxc4 7. Bxc4
b5 8. Bd3 (8. Bb3 $5) (8. Be2) 8... Bb7 (8... Nbd7 9. O-O (9. Rc1)) 9. Rc1 (9.
O-O) (9. Bxf6 $5) 9... Nbd7 10. a3 $5 (10. O-O) (10. a4 $5) 10... c5 $1 11.
Bxf6 (11. O-O {1/2-1/2 (27) Jorda Garcia,C (1844)-Gonzalez Moreno,A (1805)
Mataro 2016}) (11. Bb1 Qb6 (11... Rc8 12. Qe2 {1-0 (64) Lancel,E-Horowitz,H
Gent 1923}) 12. h3 O-O 13. O-O Rfd8 14. Qe2 Bxf3 15. Qxf3 cxd4 16. exd4 Qxd4 {
0-1 (41) Constantino,B-Bernardo,D (2104) San Antonio 2014}) 11... gxf6 (11...
Bxf6 $5 12. Ne4 Bxe4 13. Bxe4 Rc8 14. O-O Qb6 15. dxc5 Rxc5 16. b4 Rxc1 17.
Qxc1 O-O 18. Qc6 Qxc6 19. Bxc6 Nb8 20. Be4 Bb2 {0-1 (39) Blackstone,J-Adams,W
San Jose 1959}) 12. Be4 Qb6 13. Bxb7 Qxb7 14. O-O Rg8 15. Qe2 cxd4 16. exd4 Nb6
17. Qe4 Qxe4 18. Nxe4 Nd5 19. Rc2 Kd7 20. Nc5+ Bxc5 21. dxc5 b4 $1 22. a4 Rg4
23. Rd1 $2 (23. Rfc1 b3 24. Rc4 $15) 23... Kc7 $2 (23... b3 $1 24. Rc3 Rb8 $19)
24. b3 Rag8 (24... Nc3 25. Rd6 Rgg8) 25. g3 Nc3 $2 26. Rd6 $16 Ra8 27. Rcd2 Nd5
(27... Ne4 $2 28. Rd7+ Kc6 29. R2d3 $1 (29. R2d4) 29... Kxc5 30. R7d4 $1 (30.
Rxf7)) 28. Rd4 $6 (28. Nd4 $1 Rgg8 29. Nc6 a5) 28... Rxd4 29. Nxd4 Ne7 30. Rb6
Nd5 31. Rc6+ Kb7 32. Rd6 Kc7 $2 (32... Rc8 $17 {according to Stockfish 10; I
just can't get anywhere with that pawn.}) 33. Nc2 a5 34. Nd4 Ne7 35. Nb5+ Kc8 {
Somehow I've gone to winning.} 36. c6 Ra6 37. Rd7 Nxc6 38. Rxf7 $18 {although
I was a bit surprised he resigned} 1-0

[Event "Mechanics' Winter TNM; G/2 d5"]
[Site "San Francisco"]
[Date "2019.01.15"]
[Round "2.3"]
[White "Hakobyan, Sos"]
[Black "Ye, Win Aung"]
[Result "0-1"]
[WhiteElo "1829"]
[BlackElo "2229"]
[Annotator "Winslow,Elliott"]
[PlyCount "81"]
[EventDate "2019.01.08"]
[EventType "swiss"]
[EventRounds "8"]

1. e4 d6 2. d4 Nf6 3. Nc3 g6 4. h3 a6 5. Nf3 Bg7 6. Be3 b5 7. Bd3 Bb7 8. b4 O-O
9. O-O Nbd7 10. Re1 Rc8 11. Bd2 c5 12. bxc5 dxc5 13. d5 b4 14. Na4 c4 15. Bxb4
cxd3 16. Qxd3 a5 17. Ba3 Re8 18. Rac1 Qc7 19. c4 Ba6 20. Qd1 Nh5 21. Bxe7 Rxe7
22. d6 Qd8 23. dxe7 Qxe7 24. Qd5 Nc5 25. Nxc5 Rxc5 26. Qa8+ Bc8 27. Rb1 Qc7 28.
Rb8 h6 29. Reb1 Kh7 30. e5 Rxc4 31. R8b5 a4 32. Qa5 Rc1+ 33. Rxc1 Qxc1+ 34. Kh2
Qc2 35. Qd2 Qxd2 36. Nxd2 Be6 37. a3 Nf4 38. Ra5 Nd3 39. Rxa4 Nxf2 40. Nf3 Nd3
41. Ra5 {no more moves recorded: 0-1} 0-1

[Event "Mechanics' Winter TNM; G/2 d5"]
[Site "San Francisco"]
[Date "2019.01.15"]
[Round "2.4"]
[White "Wong, Russell"]
[Black "Babayan, Gagik"]
[Result "1-0"]
[WhiteElo "2200"]
[BlackElo "1806"]
[Annotator "Winslow,Elliott"]
[PlyCount "33"]
[EventDate "2019.01.08"]
[EventType "swiss"]
[EventRounds "8"]

1. e4 e5 2. Nc3 Nc6 3. f4 Nf6 4. fxe5 Nxe5 5. d4 Ng6 6. e5 Ng8 7. Nf3 h6 8. Bc4
Bb4 9. O-O Bxc3 10. bxc3 N8e7 11. Ng5 O-O 12. Nxf7 Rxf7 13. Rxf7 d5 14. exd6
cxd6 15. Qf3 d5 {[#]} 16. Bxh6 gxh6 17. Qf6 1-0

[Event "Mechanics' Winter TNM; G/2 d5"]
[Site "San Francisco"]
[Date "2019.01.15"]
[Round "2.6"]
[White "Tsodikova, Natalya"]
[Black "Mercado, Adam"]
[Result "1-0"]
[WhiteElo "2185"]
[BlackElo "1714"]
[PlyCount "53"]
[EventDate "2019.01.08"]
[EventType "swiss"]
[EventRounds "8"]

1. e4 e5 2. Nf3 Nc6 3. Bb5 a6 4. Ba4 Nf6 5. d3 b5 6. Bb3 Be7 7. O-O d6 8. c3
Na5 9. Bc2 c5 10. Re1 Bg4 11. h3 Bh5 12. Nbd2 O-O 13. Nf1 Re8 14. Ng3 Bxf3 15.
Qxf3 g6 16. Bg5 Nd7 17. Bxe7 Qxe7 18. Nf1 Qf6 19. Qg4 Qe6 20. Ne3 Nf6 21. Qf3
c4 22. Rad1 Rad8 23. d4 exd4 24. cxd4 Nxe4 25. d5 Qe5 26. Ng4 Ng5 27. Nxe5 1-0

[Event "Mechanics' Winter TNM; G/2 d5"]
[Site "San Francisco"]
[Date "2019.01.15"]
[Round "2.7"]
[White "Sadowsky, Jacob"]
[Black "Ivanov, Aleksandr"]
[Result "0-1"]
[WhiteElo "1703"]
[BlackElo "2171"]
[PlyCount "62"]
[EventDate "2019.01.08"]
[EventType "swiss"]
[EventRounds "8"]

1. e4 e6 2. d4 d5 3. Nc3 Bb4 4. e5 Ne7 5. Bg5 c5 6. a3 Bxc3+ 7. bxc3 Nbc6 8.
Nf3 h6 9. Bxe7 Qxe7 10. Be2 Bd7 11. O-O O-O 12. Ne1 f6 13. f4 fxe5 14. fxe5 Qg5
15. Qd3 Rxf1+ 16. Bxf1 Rf8 17. g3 Be8 18. Bh3 Bg6 19. Bxe6+ Kh7 20. Qe2 Be4 21.
Rd1 cxd4 22. cxd4 Qe7 23. Bxd5 Bxd5 24. c4 Bf7 25. Nf3 Bxc4 26. Qxc4 Rxf3 27.
d5 Qxe5 28. dxc6 Rc3 29. Qf7 Rc2 30. cxb7 Qe3+ 31. Kf1 Qe2+ 0-1

[Event "Mechanics' Winter TNM; G/2 d5"]
[Site "San Francisco"]
[Date "2019.01.15"]
[Round "2.8"]
[White "Boldi, Ethan Kazanjian"]
[Black "Greene, Sam"]
[Result "1-0"]
[WhiteElo "2134"]
[BlackElo "1672"]
[PlyCount "95"]
[EventDate "2019.01.08"]
[EventType "swiss"]
[EventRounds "8"]

1. e4 c6 2. d4 d5 3. exd5 cxd5 4. c4 Nf6 5. Nc3 Bf5 6. Nf3 Qa5 7. Bd2 Qd8 8.
Be2 Nc6 9. O-O Bg4 10. cxd5 Nxd5 11. Bc4 Nf6 12. Be3 e6 13. h3 Bh5 14. Re1 Bb4
15. d5 Bxc3 16. bxc3 Nxd5 17. Bc5 Qa5 18. Qxd5 Bxf3 19. gxf3 Ne7 20. Qxb7 O-O
21. Qxe7 Rfe8 22. Qd6 Red8 23. Qe5 Rdc8 24. Bd4 Qxe5 25. Rxe5 Rxc4 26. Rb1 Rc6
27. a4 Rac8 28. Rb7 f6 29. Ra5 e5 30. Be3 a6 31. c4 Rxc4 32. Rxa6 Rh4 33. Kg2
f5 34. Raa7 g6 35. Bg5 Rh5 36. Bf6 e4 37. fxe4 fxe4 38. Rg7+ Kf8 39. Rxh7 Rxh7
40. Rxh7 Rc6 41. Be7+ Kg8 42. Rh4 Re6 43. Bc5 Rc6 44. Be3 Rc4 45. a5 Kf7 46. a6
Ra4 47. a7 g5 48. Rh8 1-0

[Event "Mechanics' Winter TNM; G/2 d5"]
[Site "San Francisco"]
[Date "2019.01.15"]
[Round "2.9"]
[White "Cendejas, Juan"]
[Black "Gaffagan, Steven"]
[Result "0-1"]
[WhiteElo "1686"]
[BlackElo "2054"]
[PlyCount "46"]
[EventDate "2019.01.08"]
[EventType "swiss"]
[EventRounds "8"]

1. e4 c5 2. b4 cxb4 3. a3 d5 4. axb4 dxe4 5. Bb2 Nf6 6. Bc4 e5 7. b5 Bc5 8. h3
O-O 9. Ne2 Nbd7 10. O-O Nb6 11. Bb3 Re8 12. Ng3 Be6 13. Bxe6 Rxe6 14. Qe2 Nbd5
15. Nc3 Nf4 16. Qe1 Bd4 17. Rb1 Rc8 18. Ngxe4 Nxe4 19. Qxe4 Rg6 20. Qxb7 Nxh3+
21. Kh2 Nxf2 22. g3 Rxg3 23. Qxc8 Qxc8 0-1

[Event "Mechanics' Winter TNM; G/2 d5"]
[Site "San Francisco"]
[Date "2019.01.15"]
[Round "2.10"]
[White "Askin, David Benjamin"]
[Black "Abraham, Michael"]
[Result "1-0"]
[WhiteElo "2019"]
[BlackElo "1609"]
[PlyCount "59"]
[EventDate "2019.01.08"]
[EventType "swiss"]
[EventRounds "8"]

1. d4 d5 2. Nf3 c6 3. c4 Nf6 4. Nc3 Bf5 5. cxd5 cxd5 6. Qb3 Bc8 7. Bg5 e6 8. e3
Be7 9. Bb5+ Nbd7 10. O-O O-O 11. Rac1 Ne4 12. Nxe4 dxe4 13. Bxe7 Qxe7 14. Nd2
f5 15. Bxd7 Bxd7 16. Rc7 Qd6 17. Qxb7 Rfd8 18. Nc4 Qd5 19. Ne5 Qxb7 20. Rxb7
Be8 21. Rc1 Rac8 22. Rcc7 Rxc7 23. Rxc7 a6 24. Kf1 f4 25. Ke2 Bb5+ 26. Kd2 g5
27. Nf7 Rd5 28. Nh6+ Kh8 29. Ng4 h5 30. Nf6 1-0

[Event "Mechanics' Winter TNM; G/2 d5"]
[Site "San Francisco"]
[Date "2019.01.15"]
[Round "2.12"]
[White "Walder, Michael"]
[Black "Matz, James I"]
[Result "1-0"]
[WhiteElo "1970"]
[BlackElo "1601"]
[PlyCount "53"]
[EventDate "2019.01.08"]
[EventType "swiss"]
[EventRounds "8"]

1. c4 e6 2. g3 d5 3. Bg2 Bc5 4. Nf3 Ne7 5. O-O c6 6. d4 Bb6 7. b3 O-O 8. Bb2
Nd7 9. Nbd2 f5 10. Qc2 Nf6 11. Ne5 Ne4 12. Rad1 Bd7 13. Nxd7 Qxd7 14. Nf3 Ng6
15. Ne5 Nxe5 16. dxe5 Qe7 17. e3 Rfd8 18. cxd5 cxd5 19. Rc1 Qd7 20. Bd4 Rac8
21. Qd3 Ba5 22. a3 Rxc1 23. Rxc1 Rc8 24. Rxc8+ Qxc8 25. Bxe4 fxe4 26. Qb5 Bd8
27. Qe8# 1-0

[Event "Mechanics' Winter TNM; G/2 d5"]
[Site "San Francisco"]
[Date "2019.01.15"]
[Round "2.14"]
[White "Francis, Daniel E"]
[Black "Argo, Guy"]
[Result "1/2-1/2"]
[WhiteElo "1607"]
[BlackElo "1909"]
[Annotator "Argo,Guy/Winslow,Elliott"]
[PlyCount "62"]
[EventDate "2019.01.08"]
[EventType "swiss"]
[EventRounds "8"]

{[%evp 0,62,30,30,98,62,43,-12,15,11,17,16,11,9,119,32,32,37,37,22,22,22,35,40,
50,22,91,99,99,62,118,107,131,147,135,85,139,139,83,56,25,22,23,5,9,9,43,18,14,
8,28,4,0,0,0,-11,-1,-2,0,1,6,-4,-4,-4,-6]} 1. d4 f5 2. Bg5 {The Hopton Attack 
(so-named from a game, maybe in 1860, which White lost in 7 moves! - ecw)} Nf6
3. Bxf6 exf6 4. e3 d5 5. Nh3 Bd6 6. c4 Be6 $6 7. Qb3 $2 (7. c5 $1) 7... dxc4 8.
Bxc4 Bxc4 9. Qxc4 Qd7 10. Nc3 c6 11. O-O Na6 12. Rfe1 Rd8 $2 (12... O-O-O $5)
13. e4 fxe4 14. Nxe4 Be7 15. Rad1 Qd5 $6 16. Qe2 Qf7 17. Ng3 Kf8 $2 (17... g6
$1) 18. Nf4 Nc7 19. a3 $2 (19. d5 $1) 19... Bd6 $11 20. Qg4 Bxf4 21. Qxf4 Nd5
22. Qc1 a6 23. Qc5+ Kg8 24. Nf5 Qd7 25. Ne7+ Kf7 26. Nxd5 cxd5 27. Qb6 Rhe8 28.
h3 Rxe1+ 29. Rxe1 Re8 30. Rxe8 Kxe8 31. Qb3 Kf7 1/2-1/2

[Event "Mechanics' Winter TNM; G/2 d5"]
[Site "San Francisco"]
[Date "2019.01.15"]
[Round "2.15"]
[White "Simpkins, Jerry"]
[Black "McKellar, Daniel"]
[Result "0-1"]
[WhiteElo "1508"]
[BlackElo "1872"]
[Annotator "McKellar,D/Winslow,E"]
[PlyCount "74"]
[EventDate "2019.01.08"]
[EventType "swiss"]
[EventRounds "8"]

{[%evp 0,74,19,41,66,10,10,13,1,-47,-42,-24,-14,-48,-37,-77,-33,-68,-3,-62,-59,
-99,-99,-124,-111,-80,-80,-218,-170,-209,-209,-173,-143,-177,-168,-162,-58,
-158,-65,-148,-152,-81,-50,-69,-26,-24,-24,-33,-19,-25,29,-108,-96,-247,14,20,
93,107,99,-2,-8,-11,-21,-10,123,-42,-30,-21,74,42,38,-143,39,-29997,-29998,
-29999,-30000]} 1. e4 c5 2. f4 d5 3. e5 Nc6 4. d3 Bf5 5. Nf3 e6 6. c3 d4 7. c4
f6 8. g3 fxe5 9. fxe5 Nge7 10. Na3 Ng6 11. Bg5 Qa5+ 12. Bd2 Qb6 13. Rb1 Ngxe5
14. Nxe5 Nxe5 15. Bf4 Ng6 16. Qh5 O-O-O 17. Bg5 Ne7 (17... Ne5 18. Bxd8 Kxd8 {
The P/d3 is weak and White''s King is stuck in the center... plenty of
compensation for the exchange}) 18. Qe2 h6 19. Bf4 Ng6 (19... g5 20. Be5 Rg8 {
is safer for Black's f5-bishop}) 20. Bd2 e5 (20... Bd6 {(a useful move, and if}
21. Bg2 (21. g4 $2 Bxd3 22. Qxd3 Qc6 {-ecw}) 21... Ne5 {making Bg2 look silly)}
) 21. Bg2 Bd6 22. O-O Rhf8 23. Nb5 Be7 24. a4 (24. Rxf5 Rxf5 25. Bh3) 24... Bd7
(24... Kb8) 25. b4 Rxf1+ 26. Kxf1 (26. Qxf1 Rf8 27. Qe1) 26... Qf6+ (26... cxb4
27. Bxb4 Bxb4 28. Rxb4 a6) 27. Kg1 Bxb5 28. axb5 cxb4 29. Bxb4 Bxb4 30. Rxb4 {
(less material, but White's plan is clear - difficult to see what Black should
do)} Rf8 31. Ra4 Qb6 32. Qa2 Kb8 33. Qa3 a6 $2 (33... Rc8 $14) 34. c5 $18 Qf6
35. Qa2 $2 (35. Qa1) (35. Kh1) 35... Qg5 $11 36. Be4 $4 (36. Qb1 Qe3+ 37. Kh1 {
computer gives draw, but forced:} a5 38. Rxa5 Rf2 39. c6 Rxg2 40. Kxg2 (40. c7+
Kxc7 41. b6+ Kd6 {and white gets perpetualled})) (36. Qa1 {same idea}) (36. h4
Qxg3 37. Rxa6 bxa6 38. Qxa6 Qf2+ 39. Kh2 Qxh4+ 40. Kg1 Rf1+ 41. Bxf1 Qg3+ 42.
Kh1 Qh4+ 43. Kg2 Nf4+ 44. Kf3 Qh1+ 45. Kf2 Qb7) (36. h3 Qxg3 37. bxa6 (37. Qd5
e4 38. Qxe4 Qe3+ 39. Kh2 Qf4+ 40. Qxf4+ Nxf4 41. bxa6 bxa6 42. Rxa6 Nxg2 43.
Kxg2) 37... Nh4) 36... Qc1+ 37. Kg2 Qf1# 0-1

[Event "Mechanics' Winter TNM; G/2 d5"]
[Site "San Francisco"]
[Date "2019.01.15"]
[Round "2.16"]
[White "Fuentes, Romulo C"]
[Black "Lesquillier, Walter"]
[Result "1-0"]
[WhiteElo "2200"]
[BlackElo "1750"]
[PlyCount "45"]
[EventDate "2019.01.08"]
[EventType "swiss"]
[EventRounds "8"]

1. e4 d5 2. e5 c5 3. b3 Nc6 4. Bb2 Bf5 5. Bb5 e6 6. Bxc6+ bxc6 7. d3 f6 8. Nf3
Bg4 9. h3 Bxf3 10. Qxf3 f5 11. Nd2 h5 12. O-O-O Qg5 13. Kb1 Nh6 14. g3 Kd7 15.
d4 cxd4 16. Bxd4 Be7 17. c4 Rhc8 18. Qd3 Rab8 19. Bxa7 Rb7 20. Be3 Qg6 21. Rhg1
Nf7 22. f4 Nh6 23. cxd5 1-0

[Event "Mechanics' Winter TNM; G/2 d5"]
[Site "San Francisco"]
[Date "2019.01.15"]
[Round "2.17"]
[White "Kuczek, Kevin W"]
[Black "Lamstein, Joshua D"]
[Result "1/2-1/2"]
[WhiteElo "2003"]
[BlackElo "1655"]
[PlyCount "72"]
[EventDate "2019.01.08"]
[EventType "swiss"]
[EventRounds "8"]

1. e4 c5 2. Nc3 d6 3. f4 a6 4. a4 Nc6 5. Bc4 Nf6 6. Nf3 g6 7. O-O Bg7 8. d3 O-O
9. Qe1 e6 10. Qh4 d5 11. Bb3 dxe4 12. dxe4 Nd4 13. Be3 Nxb3 14. cxb3 b6 15.
Rad1 Qc7 16. e5 Nd7 17. Ne4 f6 18. exf6 Nxf6 19. Nfg5 h6 20. Nxf6+ Rxf6 21. Ne4
Rf8 22. Rd2 Bb7 23. Nd6 Bd5 24. Nc4 Rad8 25. Rfd1 Rf5 26. g4 Rff8 27. Qg3 Kh7
28. Qh4 Kg8 29. Qf2 Rc8 30. Qg3 Kh7 31. h4 Rf7 32. Kh2 Re8 33. Rf1 Ref8 34.
Rdf2 b5 35. axb5 axb5 36. Ne5 Bxe5 1/2-1/2

[Event "Mechanics' Winter TNM; G/2 d5"]
[Site "San Francisco"]
[Date "2019.01.15"]
[Round "2.18"]
[White "Clemens, Kristian"]
[Black "Rakonitz, David"]
[Result "1-0"]
[WhiteElo "2002"]
[BlackElo "1644"]
[Annotator "Winslow,Elliott"]
[PlyCount "81"]
[EventDate "2019.01.08"]
[EventType "swiss"]
[EventRounds "8"]

{[%evp 0,81,22,30,26,26,24,5,13,30,26,25,46,17,17,-19,-29,-23,-24,-26,-17,-17,
-2,-58,-68,-45,-69,-80,111,105,86,96,96,102,97,110,97,97,139,149,149,157,267,
264,273,291,283,290,280,269,273,280,290,283,285,287,291,294,299,299,301,299,
356,347,345,348,348,348,348,348,348,349,355,342,341,341,386,401,425,416,448,
393,491,315]} 1. Nf3 Nf6 2. d4 e6 3. c4 b6 4. a3 Bb7 5. Nc3 d5 6. Bg5 Be7 7. g3
O-O 8. cxd5 Nxd5 9. Bxe7 Qxe7 10. Bg2 c5 11. dxc5 Nxc3 12. bxc3 Qxc5 13. Qd3 h6
14. Ng5 hxg5 15. Bxb7 Nc6 16. Bxa8 Rxa8 17. O-O Rd8 18. Qe4 Qd5 19. Qxd5 Rxd5
20. Rfd1 Kf8 21. Rxd5 exd5 22. Rd1 Ke7 23. Rxd5 f6 24. Kg2 Ne5 25. a4 Nc4 26.
Rd4 Na5 27. Kf3 Nc6 28. Re4+ Kf7 29. Ke3 Na5 30. h3 Nb7 31. Rc4 Nc5 32. a5 Ke7
33. axb6 axb6 34. Rb4 Nd7 35. Kd4 Kd6 36. Ra4 Ne5 37. Ra8 Nc6+ 38. Kc4 Ne5+ 39.
Kb5 Nd7 {[#]} 40. Rd8 Kc7 41. Rxd7+ 1-0

[Event "Mechanics' Winter TNM; G/2 d5"]
[Site "San Francisco"]
[Date "2019.01.15"]
[Round "2.19"]
[White "Wonsever, James"]
[Black "Lilles, Alex Pierre"]
[Result "1/2-1/2"]
[WhiteElo "1916"]
[BlackElo "1622"]
[PlyCount "79"]
[EventDate "2019.01.08"]
[EventType "swiss"]
[EventRounds "8"]

1. d4 Nf6 2. c4 g6 3. Nf3 Bg7 4. Nc3 O-O 5. e4 d6 6. Be2 Nbd7 7. O-O e5 8. d5
Nc5 9. Qc2 a5 10. Be3 b6 11. h3 Nh5 12. Qd2 Nf6 13. Bd3 Nxd3 14. Qxd3 Ne8 15.
Bg5 Qd7 16. Qd2 f5 17. exf5 gxf5 18. Rae1 Ba6 19. b3 b5 20. cxb5 Bxb5 21. Nxb5
Qxb5 22. Re3 Nf6 23. Bxf6 Bxf6 24. Nh2 Kh8 25. Rc3 Qb4 26. Qc2 Bd8 27. Rd1 Rf7
28. Rc4 Qb5 29. Nf1 Qd7 30. Qc3 f4 31. Nh2 Rg7 32. Ra4 Bh4 33. Qc6 Qxc6 34.
dxc6 Rag8 35. g4 fxg3 36. Rxh4 gxh2+ 37. Kxh2 Rg2+ 38. Kh1 Rxf2 39. a4 Rb2 40.
Rf1 1/2-1/2

[Event "Mechanics' Winter TNM; G/2 d5"]
[Site "San Francisco"]
[Date "2019.01.15"]
[Round "2.20"]
[White "Maser, Thomas F"]
[Black "Kim, Andy"]
[Result "1-0"]
[WhiteElo "1907"]
[BlackElo "1604"]
[Annotator "Winslow,Elliott"]
[PlyCount "67"]
[EventDate "2019.01.08"]
[EventType "swiss"]
[EventRounds "8"]

1. e4 c6 2. d4 d5 3. Nd2 dxe4 4. Nxe4 Bf5 5. Ng3 Bg6 6. Nf3 Nd7 7. Bd3 Bxd3 8.
Qxd3 Ngf6 9. O-O e6 10. Re1 Be7 11. b3 O-O 12. c4 Qc7 13. Bb2 Rad8 14. Rac1
Rfe8 15. a3 Ng4 16. h3 Nde5 17. Qe4 Nxf3+ 18. Qxf3 Nf6 19. d5 exd5 20. cxd5
Nxd5 21. Nf5 Bf6 22. Bxf6 Nxf6 23. Nh6+ Kf8 24. Qc3 Qf4 25. Rxe8+ Rxe8 26. Qc5+
Re7 27. Nf5 Nd5 28. Nxe7 Nxe7 29. Re1 Qc7 30. Qxa7 g6 31. Qc5 b6 32. Qd4 Kg8 {
[#]} 33. Qf6 Kf8 34. Rxe7 1-0

[Event "Mechanics' Winter TNM; G/2 d5"]
[Site "San Francisco"]
[Date "2019.01.15"]
[Round "2.21"]
[White "Krasnov, Steven"]
[Black "Starr, Albert Mart"]
[Result "1-0"]
[WhiteElo "1876"]
[BlackElo "1500"]
[PlyCount "89"]
[EventDate "2019.01.08"]
[EventType "swiss"]
[EventRounds "8"]

1. c4 e6 2. Nf3 Nf6 3. g3 Be7 4. Bg2 O-O 5. O-O c6 6. d4 h6 7. Nc3 d5 8. Ne5
dxc4 9. Nxc4 Nbd7 10. e4 Nb6 11. Ne3 Bd7 12. b3 Qe8 13. Bb2 Rd8 14. Qc2 Bc8 15.
Rad1 a6 16. a4 Na8 17. f4 Nc7 18. Kh1 b5 19. h3 Nh5 20. Qf2 f5 21. Ne2 Bb7 22.
g4 fxg4 23. hxg4 Nf6 24. Ng3 a5 25. Bf3 b4 26. Nc4 Ba6 27. Rfe1 Bxc4 28. bxc4
c5 29. Qc2 cxd4 30. Rxd4 Na6 31. e5 Rxd4 32. Bxd4 Nd7 33. f5 exf5 34. gxf5 Bh4
35. Bh5 Qa8+ 36. Kh2 Ndc5 37. f6 Ne6 38. Qg6 Qb7 39. Be3 Bg5 40. Nf5 Nf4 41.
Bxf4 Bxf4+ 42. Kh3 Qd7 43. Rd1 Qc7 44. Ne7+ Kh8 45. Qxg7# 1-0